Les 10 footballers les plus suivis ayant participé à la coupe du monde - Statistiques

Statistiques générales
  • Ce quiz a été pris 510 fois
  • Le résultat moyen est 4 sur 10
Statistiques - réponses
Hint Réponse % Correct
1er 560.9M Ronaldo
100%
2ème 402M Messi
98%
3ème 204M Neymar
83%
4ème 101M Mbappe
82%
5ème 66.9M Benzema
25%
10ème 32M Griezmann
14%
8ème 45M Luis Suarez
4%
6ème 49M Dybala
3%
7ème 48M Gareth Bale
3%
9ème 38.2M Daniel Alves
1%
Aucun quiz correspondant
Distribution des résultats
% des personnes avec chaque résultat
Percentile par nombre de réponses
Votre historique - résultats
Vous n’avez pas pris ce quiz